Một vài thủ thuật dạy từ vựng tiếng Nga cho học sinh phổ thông trong điều kiện không có môi trường tiếng

Spremljeno u:
Bibliografski detalji
Glavni autor: Lâm Thị Thanh Phương.
Daljnji autori: Lê Xuân Thức (hướng dẫn.)
Format: Knjiga
Jezik:Vietnamese
Izdano: Đà Nẵng : Nxb Đà Nẵng, 1993.
Teme:
Oznake: Dodaj oznaku
Bez oznaka, Budi prvi tko označuje ovaj zapis!
Thư viện lưu trữ: Mạng thư viện Đại học Đà Nẵng
LEADER 01060cmm a2200325 i 4500
001 000044812
003 3220
005 20030818192827.0
008 010228b1993 vm 000 vie
040 |a IRC  |c IRC  |d IRC 
041 0 |a vie 
082 1 4 |a 491.7  |b LÂ-P 
100 1 |a Lâm Thị Thanh Phương. 
245 0 0 |a Một vài thủ thuật dạy từ vựng tiếng Nga cho học sinh phổ thông trong điều kiện không có môi trường tiếng  |h [Thesis-Luận văn] /  |c Lâm Thị Thanh Phương thực hiện ; Lê Xuân Thức hướng dẫn. 
260 |a Đà Nẵng :  |b Nxb Đà Nẵng,  |c 1993. 
300 |a 15tr. ;  |c 25.5cm. 
630 0 4 |a Nga ngữ, từ vựng. 
630 0 4 |a Thực hành giảng dạy. 
650 0 4 |a Nga ngữ  |x Phương pháp dạy. 
700 1 |a Lê Xuân Thức,  |e hướng dẫn. 
OWN |a DUT 
999 |a From the UDN01 
TYP |a Computer file 
TYP |a Monograph 
980 |a Mạng thư viện Đại học Đà Nẵng